000
00316nam a22001457a 4500
008
230412b ||||| |||| 00| 0 eng d
020
_a
9781889315218
041
_a
eng
080
_a
34
082
_a
34MIC
100
_a
31
101
_a
JURE
245
_a
CRIME SCENE DYNAMICS
_c
MICHELSON .S.R
942
_2
udc
_c
BK
999
_c
59514
_d
59514